000 00563nmm a2200169Ia 4500
008 251105s9999||||xx |||||||||||||||||und||
020 _a9788416933952
041 _aspa
100 _aChust Calero, Manuel
245 0 _aDe revoluciones, Guerra Fría y muros historiográficos. Acerca de la obra de Manfred Kossok
264 _a[Madrid, España] :
_bPrensas Universitarias de Zaragoza,
_c2017
300 _a204 páginas
490 _aCiencias sociales
650 _aHistory (General)
856 _uhttps://public.digitaliapublishing.com/a/55554
942 _cCF
999 _c78153
_d78153